000 00792nam a2200205 i 4500
001 131571
003 ES-MaACL
005 20230906194016.0
007 t|
008 070214s1953 sp r ||||1| spa d
100 1 _aRodríguez-Arias Bustamante, Lino.
_998352
245 1 3 _aLa obligación natural
_b: nuevas aportaciones a la teoría comunitaria del Derecho con un apéndice sobre Derecho y jurisprudencia italianos /
_cLino Rodríguez-Arias Bustamante.
260 _aMadrid :
_bReus,
_c1953.
300 _a193 p. ;
_c23 cm.
490 1 _aBiblioteca jurídica de autores españoles y extranjeros
650 4 _aObligaciones (Derecho)
_915660
830 0 _aBiblioteca jurídica de autores españoles y extranjeros
_9182228
852 _aES-MaACL
_jC-7271
_bR.35359
999 _c131571
_d131571